Statistics for US Cities With A Population Over One Million

Click here to take the quiz!

General Stats

  • This quiz has been taken 109 times
  • The average score is 43 of 53

Answer Stats

Population City % Correct
13,310,447Los Angeles
100%
20,153,634New York City
100%
9,512,999Chicago
99%
4,679,166San Francisco
99%
7,233,323Dallas
98%
6,772,470Houston
98%
6,066,387Miami
96%
3,798,902Seattle
96%
4,794,447Boston
96%
6,131,977Washington, D.C.
95%
4,661,537Phoenix
94%
2,853,077Denver
91%
1,268,883New Orleans
91%
2,441,257Orlando
90%
2,056,405Austin
90%
3,317,749San Diego
90%
6,070,500Philadelphia
90%
4,297,617Detroit
90%
3,032,171Tampa
89%
2,798,886Baltimore
89%
2,429,609San Antonio
89%
1,342,842Memphis
88%
2,424,955Portland
88%
3,551,036Minneapolis
88%
2,155,664Las Vegas
87%
5,789,700Atlanta
87%
2,055,612Cleveland
87%
2,004,230Indianapolis
87%
1,373,211Oklahoma City
87%
2,342,299Pittsburgh
85%
2,104,509Kansas City
84%
2,041,520Columbus
84%
1,865,298Nashville
84%
2,474,314Charlotte
82%
2,807,002St. Louis
82%
1,478,212Jacksonville
82%
2,296,418Sacramento
80%
1,978,816San Jose
77%
2,165,139Cincinnati
77%
1,186,187Salt Lake City
74%
1,302,946Raleigh
73%
1,572,482Milwaukee
72%
1,283,430Louisville
72%
1,132,804Buffalo
68%
1,016,206Tucson
61%
1,281,708Richmond
60%
1,726,907Virginia Beach
59%
1,147,417Birmingham
55%
1,206,836Hartford
48%
1,614,750Providence
46%
1,078,879Rochester
38%
4,527,837Riverside
28%
1,047,099Grand Rapids
21%

Score Distribution

Percentile by Number Answered

Percent of People with Each Score

Your Score History

You have not taken this quiz